000 00423nam a22001697a 4500
005 20260408155423.0
008 160628b xxu||||| |||| 00| 0 eng d
020 _a978-0-143-06857-0
041 _aeng
082 _a338.940954
100 _aMurlty, R.K. Narayan
_93018
245 _aA Better India A better world
260 _bPenguin India
_c2010
300 _a290
650 _aeconomic development
_98961
942 _cBK
999 _c4361
_d4360